Wachstumsbranche Geldwäsche : die Ökonomisierung der organisierten Kriminalität /

Disimpan dalam:
Butiran Bibliografi
Pengarang Utama: Werner, Thomas Achim.
Format: Buku
Bahasa:German
Diterbitkan: Berlin : Edition Sigma, 1996.
Siri:FHW Forschung ; 29.
Subjek-subjek:
Penanda-penanda: Tambah Penanda
Tiada Penanda, Jadilah orang pertama menanda rekod ini!
LEADER 00826nam a2200265Ia 4500
001 007730785-2
005 20080104100726.0
008 071107s1996 gw a b 000 0 ger d
020 |a 3894047844 
020 |a 9783894047849 
035 0 |a ocn180851479 
040 |a HVL  |c HVL 
050 4 |a K5223  |b .W47x 1996 
100 1 |a Werner, Thomas Achim. 
245 1 0 |a Wachstumsbranche Geldwäsche :  |b die Ökonomisierung der organisierten Kriminalität /  |c Thomas Achim Werner. 
260 |a Berlin :  |b Edition Sigma,  |c 1996. 
300 |a 152 p. :  |b ill. ;  |c 21 cm. 
490 1 |a FHW Forschung ;  |v 29 
500 |a "ISSN 0945-4926"--Verso of t.p. 
504 |a Includes bibliographical references (p. 139-152). 
650 0 |a Money laundering. 
650 0 |a Organized crime. 
830 0 |a FHW Forschung ;  |v 29. 
988 |a 20020608 
906 |0 MH